Clemson QBs Since 2000 - Statistics

General Stats
  • This quiz has been taken 19 times
  • The average score is 9 of 15
Answer Stats
Hint Answer % Correct
2014-2016 Deshaun Watson
100%
2018-2020 Trevor Lawrence
100%
2022-2025 Cade Klubnik
94%
2011-2013 Tajh Boyd
71%
2017-2018 Kelly Bryant
65%
2025 Christopher Vizzina
59%
2002-2005 Charlie Whitehurst
53%
2014 Cole Stoudt
53%
1999-2001 Woodrow Dantzler
53%
2009-2010 Kyle Parker
47%
2020-2022 DJ Uiagalelei
41%
2007-2008 Cullen Harper
35%
2005-2006 Will Proctor
35%
2008 Willy Korn
35%
2002 Willie Simmons
18%
No matching quizzes found
Score Distribution
Percent of People with Each Score
Percentile by Number Answered
Your Score History
You have not taken this quiz